Statistics for 観光バス車両数ランキング

Click here to take the quiz!

General Stats

  • This quiz has been taken 39 times
  • The average score is 9 of 79

Answer Stats

都道府県事業者名台数% Correct
東京都はとバス50
88%
三重県三重交通127
71%
大阪府近鉄バス73
41%
愛知県名鉄観光バス180
41%
奈良県奈良交通106
38%
東京都帝産観光バス268
35%
千葉県京成バス51
29%
長野県アルピコ交通67
29%
青森県弘南バス65
26%
東京都東京バス74
24%
茨城県茨城交通104
24%
愛知県名阪近鉄バス156
24%
栃木県関東自動車94
24%
鳥取県日本交通51
21%
大阪府日本交通121
21%
東京都東都観光バス191
21%
大阪府南海バス52
21%
滋賀県近江鉄道90
21%
京都府ヤサカ観光バス131
18%
兵庫県神姫観光83
18%
沖縄県沖縄バス57
18%
埼玉県西武観光バス55
18%
愛知県鯱バス65
15%
東京都東京空港交通67
15%
宮城県ミヤコーバス84
15%
新潟県越後交通99
15%
静岡県遠州鉄道87
15%
東京都東京ヤサカ観光バス126
12%
岩手県岩手県北自動車66
12%
北海道北海道バス57
12%
奈良県奈良観光バス71
12%
福岡県西鉄観光バス75
12%
岐阜県岐阜乗合自動車75
12%
神奈川県神奈中観光75
12%
東京都ジェイアールバス関東50
12%
埼玉県中央交通54
9%
静岡県伊豆箱根バス73
9%
東京都大新東211
9%
新潟県新潟交通観光バス60
9%
沖縄県琉球バス交通106
9%
埼玉県平成エンタープライズ85
6%
佐賀県昭和自動車57
6%
群馬県群馬バス51
6%
青森県十和田観光電鉄54
6%
佐賀県祐徳自動車69
6%
北海道宗谷バス52
6%
東京都日の丸自動車興業81
3%
東京都フジエクスプレス52
3%
滋賀県滋賀観光バス92
3%
茨城県さくら自動車58
3%
静岡県浜松バス59
3%
愛知県オーワ106
3%
三重県中日臨海バス231
3%
愛知県西三交通 74
3%
群馬県上信観光バス53
3%
熊本県七城観光バス52
0%
神奈川県神田交通51
0%
鹿児島県南国交通観光53
0%
東京都三陽自動車52
0%
宮城県栗原観光タクシー50
0%
東京都武州交通興業50
0%
岐阜県日本タクシー50
0%
福島県郡山中央交通57
0%
埼玉県光輝観光バス53
0%
香川県大川自動車56
0%
千葉県京成トランジットバス56
0%
愛知県豊栄交通99
0%
鹿児島県アーベル57
0%
静岡県静鉄ジョイステップバス57
0%
東京都東礼自動車59
0%
神奈川県丹沢交通62
0%
大阪府千里山バス63
0%
東京都東京シティ観光90
0%
青森県三八五バス69
0%
愛知県セントラルサービス71
0%
大阪府北港観光バス87
0%
千葉県コスモスバス79
0%
兵庫県神鉄バス81
0%
長崎県長崎県交通局50
0%

Score Distribution

Percentile by Number Answered

Percent of People with Each Score

Your Score History

You have not taken this quiz